00286nam a22001217a 4500003000400000008004100004100002000045245003000065250000900095260002900104300000900133650002200142OSt201120b ||||| |||| 00| 0 eng d aNARAYAN, Shanti aElements of Real Analysis aRep. aNew DelhibS.Chandc2020 aMisc aB.Sc Non Medical